Statistiques concernant Cette année-là: 1805

Cliquez ici pour prendre le quiz!

Statistiques générales

  • Ce quiz a été pris 35 fois
  • Le résultat moyen est 4 sur 10

Statistiques - réponses

IndiceRéponse% Correct
2 décembre: victoire légendaire de l'EmpereurAusterlitz
79%
1805: Nicolas Appert invente ce procédé qui révolutionne l'alimentationConserve
64%
21 octobre: défaite fulgurante de la flotte franco-espagnoleTrafalgar
64%
27 décembre: Frère de l'Empereur, je deviens Roi de NaplesJoseph Bonaparte
52%
14 octobre: De mon prénom Michel, je remporte la bataille d'ElchingenMichel Ney
42%
17 mars: De république, je deviens royaume...Italie
27%
27 août: La grande armée quitte le camp de Boulogne, c'est début de la...campagne d'Allemagne
15%
26 décembre: La France victorieuse impose ce traité au coalisésTraité de Presbourg
12%
24 août: Napoléon abandonne cette idée brillante à cause du remue ménage dans les Etats allemandsInvasion de l'Angleterre
9%
27 avril-13 mai: Première expédition guerrière des jeunes Etats Unis (le début d'une longue histoire)Guerre de Tripoli
3%

Distribution des résultats

Percentile par nombre de réponses

% des personnes avec chaque résultat

Votre développement - résultats

Vous n’avez pas pris ce quiz